| 000 | 00697nam a2200253Ia 4500 | ||
|---|---|---|---|
| 001 | 1143 | ||
| 003 | GE_BSU | ||
| 008 | 181216s||||||||xx |||||||||||||| ||und|| | ||
| 020 | _a9785769536885 | ||
| 040 | _cGE_BSU | ||
| 080 | _a581.1(075.8) | ||
| 100 | _aАлехина,Н.Д. и др. | ||
| 245 | _aФизиология растении | ||
| 245 | _bУч-к для вузов по биологич. спец | ||
| 245 | _cПод ред.И.П.Ермакова | ||
| 250 | _a2-е изд.испр. | ||
| 260 | _aМосква | ||
| 260 | _bАкадемия | ||
| 260 | _c2007 | ||
| 300 | _a640стр. | ||
| 541 | _h60л. | ||
| 653 | _aФизиология растении | ||
| 942 | _cBK | ||
| 999 |
_c35293 _d35293 |
||